[Event "1. liga V 18/19, Litovel-Jundrov"]
[Site ""]
[Date "2019.03.03"]
[Round "9.6"]
[White "Skacelik, Petr"]
[Black "Neoral, Antonin"]
[Result "0-1"]
[WhiteElo "2175"]
[BlackElo "2112"]
[PlyCount "0"]
[WhiteTeam "Jezdci Jundrov"]
[BlackTeam "TJ Tatran Litovel"]
[EventDate "2018.10.21"]

1. d4 Nf6 2. Nf3 c5 3. d5 e6 4. c4 exd5 5.
cxd5 d6 6. Nc3 g6 7. e4 Bg7 8. Bb5+ Bd7 9. Bxd7+ Qxd7 10. O-O O-O 11. a4 Re8
12. Nd2 Na6 13. f3 Nh5 14. Nc4 Bd4+ 15. Kh1 Nc7 16. g4 Ng7 17. Bf4 Be5 18. Qd2
f6 19. Kg2 Rab8 20. Bxe5 fxe5 21. Nb5 Nxb5 22. axb5 b6 23. Qc3 Re7 24. Ra3 Ne8
25. Rfa1 Rb7 26. Rb3 Nc7 27. Na3 Rf7 28. Qc4 Ne8 29. Nc2 Qe7 30. Qe2 Qh4 31.
Ne1 h5 32. gxh5 gxh5 33. Kh1 Rg7 34. Ng2 Qg5 35. Rba3 Rbf7 36. Rf1 h4 37. Raa1
Nf6 38. Ne3 Nh5 39. Rg1 Qf4 40. Rxg7+ Nxg7 41. Rf1 Rf6 42. Ng2 Qg5 43. Rg1 Qh5
44. Ne1 Kh7 (44... Qh7 45. Rg4 h3 46. Nd3 Rg6 47. Nf2 Rxg4 48. fxg4 Qh6 49. Qf1
) 45. Rg4 h3 46. Nd3 Rg6 47. Nf2 Rxg4 48. fxg4 Qh6 49. Qf1 Kg6 50. Nxh3 Qe3 51.
Qg2 Qe1+ 52. Ng1 Kg5 53. h3 Kf4 54. Qf3+ Kg5 55. Kg2 Qd2+ 56. Qe2 Qb4 57. Nf3+
Kf4 58. Nd2 Kg5 59. Kg3 Kg6 60. Nf3 c4 61. h4 Qxb5 62. h5+ Kh7 63. Ng5+ Kh6 64.
Nf7+ Kh7 65. Ng5+ Kh6 66. Qe3 Nxh5+ 67. gxh5 Kxh5 68. Ne6 Qb3 69. Qxb3 cxb3 70.
Kf3 a5 71. Nc7 a4 72. Nb5 Kh4 73. Ke3 Kg4 74. Nc3 a3 75. bxa3 Kg3 76. a4 Kg2
77. Kd3 Kf3 78. Nb1 Kf4 79. Nc3 Kf3 80. Nd1 Kf4 81. Nb2 Kf3 82. Nc4 1-0

[Event "1. liga V 18/19, Litovel-Jundrov"]
[Site ""]
[Date "2019.03.03"]
[Round "9.8"]
[White "Tovarek, Antonin"]
[Black "Gerych, Jan"]
[Result "0-1"]
[WhiteElo "2003"]
[BlackElo "2015"]
[PlyCount "0"]
[WhiteTeam "Jezdci Jundrov"]
[BlackTeam "TJ Tatran Litovel"]
[EventDate "2018.10.21"]

1. e4 c5 2. Nf3 e6 3. d4 cxd4 4. Nxd4 Nf6 5. Nc3 d6 6. Be2 Be7 7. O-O O-O 8.
Be3 Nc6 9. f4 Bd7 10. Qd2 Nxd4 11. Bxd4 Bc6 12. Bd3 d5 13. e5 Ne4 14. Qe3 Nxc3
15. bxc3 a6 16. Bb6 Qe8 17. f5 exf5 18. Bxf5 Bd7 19. Bd4 Bxf5 20. Rxf5 Qd7 21.
Raf1 Rac8 22. Kh1 Qe6 23. Qh3 Rc6 24. g4 Qd7 25. Qf3 Qe6 26. Qf2 b6 27. Qg2 Bc5
28. g5 Bxd4 29. Rf6 Qc8 30. Rxc6 Qxc6 31. cxd4 Rc8 32. Qf3 Qe6 33. c3 b5 34.
Rf2 Rc4 35. Kg2 b4 36. Rb2 a5 37. cxb4 axb4 38. a3 Rxd4 39. Rxb4 Rxb4 40. axb4
Qxe5 41. Qg4 g6 42. h4 Kg7 43. Kf3 Qc3+ 44. Kf2 d4 45. Qf4 d3 46. b5 Qb2+ 47.
Ke3 Qc1+ 0-1

[Event "1. liga V 18/19, Ostrava-Kromeriz"]
[Site ""]
[Date "2019.03.03"]
[Round "9.1"]
[White "Caletka, Radomir"]
[Black "Malinovsky, Karel"]
[Result "0-1"]
[WhiteElo "2285"]
[BlackElo "2473"]
[PlyCount "0"]
[WhiteTeam "TJ Ostrava"]
[BlackTeam "Slavia Kromeriz"]
[EventDate "2018.10.21"]

1. e4 e5 2. Nf3 Nc6 3. Bc4 Nf6 4. d3 Be7 5. O-O O-O 6. Re1 d6 7. a4 Na5 8. Ba2
c5 9. c3 h6 10. Na3 a6 11. Nc2 Be6 12. Bxe6 fxe6 13. Ne3 Rb8 14. Bd2 Nc6 15. b4
cxb4 16. cxb4 b5 17. axb5 axb5 18. Qb3 Qd7 19. Nf5 Bd8 20. Ng3 Bb6 21. Be3 Ng4
22. Bxb6 Rxb6 23. h3 Nf6 24. Qb2 Nh7 25. d4 Rxf3 26. gxf3 Ng5 27. Kg2 Qf7 28.
Ra3 Nxd4 29. Ree3 Qf4 30. Ne2 Nxe2 31. Qxe2 Kh7 32. Qf1 Qh4 33. Kh2 Rc6 34.
Rec3 Rxc3 35. Rxc3 d5 36. Re3 Nxh3 0-1

[Event "1. liga V 18/19, Ostrava-Kromeriz"]
[Site ""]
[Date "2019.03.03"]
[Round "9.2"]
[White "Cvek, Robert"]
[Black "Klima, Lukas"]
[Result "1-0"]
[WhiteElo "2517"]
[BlackElo "2343"]
[PlyCount "0"]
[WhiteTeam "Slavia Kromeriz"]
[BlackTeam "TJ Ostrava"]
[EventDate "2018.10.21"]

1. Nf3 c5 2. c4 Nc6 3. g3 e5 4. Nc3 g6 5. Bg2 Bg7 6. a3 a5 7. d3 Nge7 8. O-O
O-O 9. Ne1 d6 10. Nc2 Be6 11. Ne3 Rb8 12. Rb1 Qd7 13. Ned5 b6 14. Qa4 Bh3 15.
Nxe7+ Nxe7 16. Qxd7 Bxd7 17. Bd2 Bc6 18. b4 axb4 19. axb4 Rfe8 20. Ne4 Rbd8 21.
bxc5 bxc5 22. Ba5 Rd7 23. Rb6 f5 24. Nxc5 dxc5 25. Rxc6 Nxc6 26. Bxc6 Ra7 27.
Bxe8 Rxa5 28. Rb1 Ra7 29. Bc6 Bf6 30. Bd5+ Kg7 31. Kg2 Be7 32. Rb6 Ra2 33. Rb7
Kf6 34. Bg8 h6 35. Bh7 Rxe2 36. Rb6+ Kg7 37. Bxg6 e4 38. dxe4 fxe4 39. Re6 Bf6
40. Rxe4 Rxe4 41. Bxe4 Bd4 42. f4 Be3 43. Kf3 Bc1 44. g4 Bd2 45. Bb7 Kg6 46.
Be4+ Kg7 47. Bc6 Kg6 48. Be8+ Kg7 49. Bh5 Kh7 50. Ke4 Kg7 51. Kf5 Be3 52. g5
1-0

[Event "1. liga V 18/19, Ostrava-Kromeriz"]
[Site ""]
[Date "2019.03.03"]
[Round "9.3"]
[White "Malik, Jan"]
[Black "Dvorak, Martin"]
[Result "1-0"]
[WhiteElo "2304"]
[BlackElo "2189"]
[PlyCount "0"]
[WhiteTeam "TJ Ostrava"]
[BlackTeam "Slavia Kromeriz"]
[EventDate "2018.10.21"]

1. e4 d5 2. exd5 Nf6 3. d4 Nxd5 4. Nf3 g6 5. c4 Nb6 6. Nc3 Bg7 7. Be2 O-O 8.
O-O Nc6 9. d5 Ne5 10. Nxe5 Bxe5 11. a4 a5 12. Be3 e6 13. Bd4 Qf6 14. Bxe5 Qxe5
15. Re1 Qf6 16. Qb3 Nd7 17. Ne4 Qd4 18. dxe6 fxe6 19. Bf1 Nc5 20. Qe3 Qxe3 21.
Rxe3 Nxe4 22. Rxe4 Ra6 23. c5 Rc6 24. Rc1 b6 25. Rec4 Ba6 26. R4c3 Bxf1 27.
Kxf1 Rf4 28. b3 Rb4 29. cxb6 Rxc3 30. Rxc3 cxb6 31. Ke2 Kf7 32. Kd2 Kf6 33.
Rf3+ Ke5 34. Kc3 h5 35. g3 g5 36. Rf8 h4 37. Rg8 Kf5 38. f3 Kf6 39. Rf8+ Ke5
40. Rc8 Kf5 41. Rc4 hxg3 42. hxg3 Rxc4+ 43. Kxc4 g4 44. fxg4+ Kxg4 45. Kd4 Kf5
46. Ke3 1-0

[Event "1. liga V 18/19, Ostrava-Kromeriz"]
[Site ""]
[Date "2019.03.03"]
[Round "9.4"]
[White "Pastircak, Milan"]
[Black "Michenka, Jozef"]
[Result "1/2-1/2"]
[WhiteElo "2283"]
[BlackElo "2281"]
[PlyCount "0"]
[WhiteTeam "Slavia Kromeriz"]
[BlackTeam "TJ Ostrava"]
[EventDate "2018.10.21"]

1. e4 c5 2. Nf3 e6 3. c3 Nf6 4. Bd3 Nc6 5. Bc2 d6 6. O-O Be7 7. d4 cxd4 8. cxd4
O-O 9. Nc3 e5 10. h3 Re8 11. Be3 h6 12. Re1 1/2-1/2

[Event "1. liga V 18/19, Ostrava-Kromeriz"]
[Site ""]
[Date "2019.03.03"]
[Round "9.5"]
[White "Mrva, Marek"]
[Black "Mudrak, Josef"]
[Result "1-0"]
[WhiteElo "2103"]
[BlackElo "2246"]
[PlyCount "0"]
[WhiteTeam "TJ Ostrava"]
[BlackTeam "Slavia Kromeriz"]
[EventDate "2018.10.21"]

1. e4 d6 2. d4 g6 3. Nc3 Bg7 4. Be3 c6 5. Qd2 b5 6. h4 h5 7. Nh3 Bxh3 8. Rxh3
a6 9. O-O-O d5 10. Kb1 e6 11. Bg5 Ne7 12. Qf4 b4 13. Na4 O-O 14. e5 Qc7 15. Nc5
Nf5 16. g4 hxg4 17. Qxg4 Nd7 18. Nxd7 Qxd7 19. h5 Rfc8 20. Bf6 Qe8 21. Bd3 c5
22. Rdh1 c4 23. hxg6 fxg6 24. Bxf5 exf5 25. Rh7 Ra7 26. Qh4 Bxf6 27. Rh8+ Bxh8
28. Qxh8+ Kf7 29. Qf6+ 1-0

[Event "1. liga V 18/19, Ostrava-Kromeriz"]
[Site ""]
[Date "2019.03.03"]
[Round "9.6"]
[White "Kapusta, Petr"]
[Black "Splichal, Stanislav"]
[Result "1-0"]
[WhiteElo "2171"]
[BlackElo "2142"]
[PlyCount "0"]
[WhiteTeam "Slavia Kromeriz"]
[BlackTeam "TJ Ostrava"]
[EventDate "2018.10.21"]

1. e4 c6 2. d4 d5 3. Nc3 dxe4 4. Nxe4 Nd7 5. c3 Ngf6 6. Nxf6+ Nxf6 7. Bc4 g6 8.
Nf3 Bg7 9. O-O O-O 10. Re1 Bg4 11. h3 Bxf3 12. Qxf3 Qd7 13. Bg5 Rfe8 14. Re5 b5
15. Bb3 a5 16. a3 Rab8 17. Rae1 h6 18. Bh4 b4 19. Ba4 Nd5 20. Rxd5 Qxd5 21.
Qxd5 cxd5 22. Bxe8 Rxe8 23. Rxe7 Rc8 24. axb4 axb4 25. Rd7 bxc3 26. bxc3 Rxc3
27. Rxd5 Rd3 28. Rd8+ Kh7 29. d5 Be5 30. Kf1 g5 31. Ke2 Rd4 32. Bg3 Bxg3 33.
fxg3 f5 34. Ke3 Rd1 35. g4 fxg4 36. hxg4 Kg7 37. Ke4 Rd2 38. g3 Kf7 39. Rd7+
Ke8 40. Rh7 Rg2 41. Rxh6 Rxg3 42. Kf5 Re3 43. Re6+ 1-0

[Event "1. liga V 18/19, Ostrava-Kromeriz"]
[Site ""]
[Date "2019.03.03"]
[Round "9.7"]
[White "Hladik, Oto"]
[Black "Karlik, Vladimir"]
[Result "1/2-1/2"]
[WhiteElo "2157"]
[BlackElo "2163"]
[PlyCount "0"]
[WhiteTeam "TJ Ostrava"]
[BlackTeam "Slavia Kromeriz"]
[EventDate "2018.10.21"]

1. e4 g6 2. d4 Bg7 3. Nc3 c6 4. Nf3 d6 5. h3 Nf6 6. a4 O-O 7. Be3 Nbd7 8. Be2
Qc7 9. O-O b6 10. Qd2 Bb7 11. Bh6 a6 12. Bxg7 1/2-1/2

[Event "1. liga V 18/19, Ostrava-Kromeriz"]
[Site ""]
[Date "2019.03.03"]
[Round "9.8"]
[White "Cagasik, Tomas"]
[Black "Skola, Miroslav"]
[Result "1/2-1/2"]
[WhiteElo "2172"]
[BlackElo "2064"]
[PlyCount "0"]
[WhiteTeam "Slavia Kromeriz"]
[BlackTeam "TJ Ostrava"]
[EventDate "2018.10.21"]

1. f4 d5 2. Nf3 Nf6 3. d4 Ne4 4. e3 Nd7 5. Bd3 Ndf6 6. Nbd2 Bf5 7. Ne5 Qc8 8.
Ndf3 h6 9. c4 c6 10. cxd5 Nxd5 11. Nh4 e6 12. Qf3 Ndf6 13. g4 Bh7 14. O-O Qc7
15. Neg6 fxg6 16. Bxe4 Nxe4 17. Qxe4 Kf7 18. Nxg6 Bxg6 19. f5 exf5 20. gxf5
Bxf5 21. Rxf5+ Kg8 22. Qe6+ Kh7 23. Rf7 Qa5 24. e4 Qe1+ 25. Kg2 Qe2+ 26. Rf2
Qh5 27. Rf7 Qe2+ 28. Rf2 1/2-1/2

[Event "1. liga V 18/19, SM-Polabiny"]
[Site ""]
[Date "2019.03.03"]
[Round "9.1"]
[White "Kanovsky, David"]
[Black "Varejcko, Josef"]
[Result "1/2-1/2"]
[WhiteElo "2426"]
[BlackElo "2230"]
[PlyCount "0"]
[WhiteTeam "SK Stare Mesto"]
[BlackTeam "2222 SK Polabiny "C""]
[EventDate "2018.10.21"]

1. e4 g6 2. d4 Bg7 3. Nc3 c5 4. d5 d6 5. h3 Nf6 6. Nf3 O-O 7. Bf4 b5 8. Bxb5
Nxe4 9. Nxe4 Qa5+ 10. Qd2 Qxb5 11. c3 Ba6 12. Ng3 Qd3 13. Qxd3 Bxd3 14. O-O-O
Bb5 15. h4 h6 16. Rhe1 Re8 17. h5 g5 18. Bd2 Bd7 19. c4 Bg4 20. Re3 f5 21. Rb3
1/2-1/2

[Event "1. liga V 18/19, SM-Polabiny"]
[Site ""]
[Date "2019.03.03"]
[Round "9.2"]
[White "Ludvik, Tomas"]
[Black "Skalsky, Alexandr"]
[Result "1/2-1/2"]
[WhiteElo "2172"]
[BlackElo "2103"]
[PlyCount "0"]
[WhiteTeam "2222 SK Polabiny "C""]
[BlackTeam "SK Stare Mesto"]
[EventDate "2018.10.21"]

1. d4 Nf6 2. c4 g6 3. Nc3 d5 4. cxd5 Nxd5 5. e4 Nxc3 6. bxc3 Bg7 7. Nf3 c5 8.
Rb1 O-O 9. Be2 Nc6 10. d5 Ne5 11. Nxe5 Bxe5 12. Qd2 e6 13. f4 Bc7 14. dxe6 Bxe6
15. Rxb7 Bb6 16. Qxd8 Raxd8 17. Kf2 Bxa2 18. Be3 Rfe8 19. Bf3 Bc4 20. Ra1 f6
21. g4 Bb5 22. Raxa7 Bxa7 23. Rxb5 Rb8 24. c4 Rxb5 25. cxb5 Kf7 26. h4 h6 27.
Bg2 Bb6 28. Kf3 Ra8 29. e5 fxe5 30. fxe5 Ra3 31. Ke2 Ke6 32. Bxh6 Kxe5 33. Be3
Rxe3+ 1/2-1/2

[Event "1. liga V 18/19, SM-Polabiny"]
[Site ""]
[Date "2019.03.03"]
[Round "9.3"]
[White "Husek, Martin"]
[Black "Cerny, David"]
[Result "1-0"]
[WhiteElo "2162"]
[BlackElo "2098"]
[PlyCount "0"]
[WhiteTeam "SK Stare Mesto"]
[BlackTeam "2222 SK Polabiny "C""]
[EventDate "2018.10.21"]

1. e4 c5 2. Nf3 d6 3. d4 cxd4 4. Nxd4 Nf6 5. Nc3 Nc6 6. Bg5 e6 7. Qd2 a6 8.
O-O-O Bd7 9. f3 b5 10. Be3 Ne5 11. a3 Rb8 12. Kb1 Nc4 13. Bxc4 bxc4 14. Ka1 Be7
15. g4 O-O 16. g5 Ne8 17. h4 Nc7 18. h5 Nb5 19. g6 Bf6 20. Ndxb5 axb5 21. Qxd6
Bxc3 22. bxc3 Qa5 23. Qb4 Qxb4 24. cxb4 Bc6 25. Rd6 Rbc8 26. Bc5 Rfe8 27. gxf7+
Kxf7 28. Kb2 e5 29. Kc3 Re6 30. Rxe6 Kxe6 31. Rd1 Kf6 32. Rd6+ Kg5 33. h6 gxh6
34. Re6 Kf4 35. Rf6+ Kg3 36. Bd6 Re8 37. Bxe5+ Rxe5 38. Rxc6 Kxf3 39. Rxh6 Kxe4
40. Rxh7 Kd5 41. Rc7 Kd6 42. Rc8 Re3+ 43. Kb2 Re5 44. a4 Kd7 45. Ra8 Kc6 46.
axb5+ Rxb5 47. Kc3 1-0

[Event "1. liga V 18/19, SM-Polabiny"]
[Site ""]
[Date "2019.03.03"]
[Round "9.4"]
[White "Kourek, Josef"]
[Black "Sosna, Jan"]
[Result "1/2-1/2"]
[WhiteElo "2107"]
[BlackElo "2344"]
[PlyCount "0"]
[WhiteTeam "2222 SK Polabiny "C""]
[BlackTeam "SK Stare Mesto"]
[EventDate "2018.10.21"]

1. d4 d5 2. Nf3 c6 3. Bf4 Bf5 4. e3 Nd7 5. Bd3 Bg6 6. O-O e6 7. Nbd2 Ngf6 8.
Ne5 Nxe5 9. Bxe5 Be7 10. Bxf6 Bxf6 11. f4 Qb6 12. Nf3 Qxb2 13. Rb1 Qxa2 14.
Rxb7 O-O 15. Ne5 Rab8 16. Qb1 Qxb1 17. Rfxb1 Rxb7 18. Rxb7 Bxe5 19. Bxg6 Bxf4
20. Bxh7+ Kxh7 21. exf4 Kg6 22. Rxa7 c5 23. dxc5 Rc8 24. Ra5 Kf5 25. g3 Ke4 26.
Kf2 d4 27. Ke2 f6 28. Kd2 Rh8 29. h4 Rc8 30. Ra6 Kf3 31. Rxe6 Kxg3 32. Re7 Kxf4
33. Rxg7 Rxc5 34. Rg6 Ke5 35. Rg8 Rc7 36. Re8+ Kf4 37. Rd8 Ke4 38. Re8+ Kd5 39.
Rd8+ Kc4 40. Rf8 Rh7 41. Rxf6 1-0

[Event "1. liga V 18/19, SM-Polabiny"]
[Site ""]
[Date "2019.03.03"]
[Round "9.5"]
[White "Zpevakova, Jana"]
[Black "Vesely, Tomas"]
[Result "1-0"]
[WhiteElo "2093"]
[BlackElo "2047"]
[PlyCount "0"]
[WhiteTeam "SK Stare Mesto"]
[BlackTeam "2222 SK Polabiny "C""]
[EventDate "2018.10.21"]

1. d4 e6 2. c4 b6 3. Nf3 Bb7 4. g3 Nf6 5. Bg2 c5 6. e3 cxd4 7. exd4 Bb4+ 8. Bd2
Be7 9. O-O O-O 10. Qe2 d6 11. Nc3 a6 12. Rad1 Nbd7 13. Rfe1 Re8 14. b3 Rc8 15.
Bh3 Nf8 16. d5 exd5 17. Bxc8 Qxc8 18. Nxd5 Nxd5 19. cxd5 Bxd5 20. Bb4 Qb7 21.
Nd4 Ne6 22. Nxe6 fxe6 23. Rxd5 Qxd5 24. Rd1 Qf5 25. Bxd6 b5 26. Bxe7 Rxe7 27.
Rd6 Kf7 28. Kg2 Rc7 29. Rxa6 Rc3 30. Rd6 b4 31. Rd4 Rc2 32. Qf3 Rxa2 33. Rf4
1-0

[Event "1. liga V 18/19, SM-Polabiny"]
[Site ""]
[Date "2019.03.03"]
[Round "9.6"]
[White "Jares, Michal"]
[Black "Bazant, Petr"]
[Result "1/2-1/2"]
[WhiteElo "1950"]
[BlackElo "2253"]
[PlyCount "0"]
[WhiteTeam "2222 SK Polabiny "C""]
[BlackTeam "SK Stare Mesto"]
[EventDate "2018.10.21"]

1. d4 d5 2. Nf3 Nf6 3. g3 c6 4. Bg2 h6 5. O-O Bf5 6. c4 e6 7. Qb3 Qb6 8. c5
Qxb3 9. axb3 Nbd7 10. b4 a6 11. Nc3 Rc8 12. h3 Be7 13. g4 Bh7 14. Bf4 h5 15. g5
Ne4 16. h4 f6 17. Bh3 Kf7 18. Nxe4 Bxe4 19. Nd2 Bf5 20. Bxf5 exf5 21. Nb3 fxg5
22. hxg5 Bd8 23. Na5 Bxa5 24. bxa5 Rhe8 25. e3 Nf8 26. Ra3 Ne6 27. Bd6 Rcd8 28.
Rb3 Rd7 29. f4 Nd8 30. Kf2 Rxd6 31. cxd6 g6 32. Rb6 Ke6 33. Rc1 Kxd6 34. b4 Re7
35. b5 axb5 36. a6 bxa6 37. Rxa6 Rb7 38. Ra8 Kc7 39. Rca1 Rb8 40. Rxb8 Kxb8 41.
Ke2 Nf7 42. Kd3 Nd6 43. Kc3 Kb7 44. Kb4 Ne4 45. Ra2 Nd6 46. Rh2 Kb6 1/2-1/2

[Event "1. liga V 18/19, SM-Polabiny"]
[Site ""]
[Date "2019.03.03"]
[Round "9.7"]
[White "Horsak, Jan"]
[Black "Jirousek, Jan"]
[Result "0-1"]
[WhiteElo "2036"]
[BlackElo "1902"]
[PlyCount "0"]
[WhiteTeam "SK Stare Mesto"]
[BlackTeam "2222 SK Polabiny "C""]
[EventDate "2018.10.21"]

1. c4 e6 2. g3 d5 3. Bg2 Nf6 4. Nf3 Be7 5. O-O O-O 6. Qc2 c5 7. d4 cxd4 8. Rd1
Nc6 9. cxd5 Nxd5 10. a3 Bd7 11. b4 Rc8 12. Qd3 Qb6 13. Bb2 Bf6 14. Nbd2 Nc3 15.
Bxc3 dxc3 16. Ne4 Rfd8 17. Nxf6+ gxf6 18. Qxc3 e5 19. Rd6 Be6 20. Rxd8+ Qxd8
21. Qe3 a6 22. h4 Ne7 23. Rc1 Rxc1+ 24. Qxc1 b6 25. Nd2 Bd5 26. Ne4 Kg7 27. h5
h6 28. Nxf6 Bxg2 29. Ng4 Qd6 30. Kxg2 Nf5 31. Qc3 f6 32. Qc8 Ne7 33. Ne3 Nxc8
0-1

[Event "1. liga V 18/19, SM-Polabiny"]
[Site ""]
[Date "2019.03.03"]
[Round "9.8"]
[White "Brozka, Karel"]
[Black "Babula, Vlastimil"]
[Result "0-1"]
[WhiteElo "1863"]
[BlackElo "2040"]
[PlyCount "0"]
[WhiteTeam "2222 SK Polabiny "C""]
[BlackTeam "SK Stare Mesto"]
[EventDate "2018.10.21"]

1. d4 Nf6 2. Nf3 g6 3. c4 Bg7 4. Nc3 O-O 5. Bg5 d6 6. e4 Nbd7 7. Be2 c5 8. d5
h6 9. Bh4 Nh5 10. O-O Nf4 11. Bg3 Nxe2+ 12. Qxe2 Nf6 13. h3 Bd7 14. Ne1 Nh5 15.
Bh2 f5 16. e5 f4 17. e6 Be8 18. Qd3 g5 19. g4 fxg3 20. fxg3 Bd4+ 21. Kg2 Rxf1
22. Kxf1 Kg7 23. Nf3 Bg6 24. Qd2 Qf8 25. Kg2 Qf6 26. Bg1 Bxc3 27. Qxc3 Qxc3 28.
bxc3 Bd3 29. Nd2 Nf6 30. Kf3 b5 31. cxb5 Nxd5 32. c4 Rf8+ 33. Kg2 Nb6 34. Rc1
Bf5 35. a4 Bxe6 36. a5 Nd7 37. Be3 Ne5 38. Re1 Nxc4 39. Bxc5 Bd5+ 40. Kg1 dxc5
41. Nxc4 Bxc4 42. Rxe7+ Rf7 43. Re5 Bxb5 44. Rxc5 a6 45. Rc3 Rf1+ 46. Kg2 Ra1
47. Rc7+ Kg6 0-1

[Event "1. liga V 18/19, Hostalkova-Orlova"]
[Site ""]
[Date "2019.03.03"]
[Round "9.1"]
[White "Roubalik, Jakub"]
[Black "Mrazek, Lumir"]
[Result "1-0"]
[WhiteElo "2405"]
[BlackElo "2376"]
[PlyCount "0"]
[WhiteTeam "Sachy Hostalkova"]
[BlackTeam "SK Slavia Orlova"]
[EventDate "2018.10.21"]

1. d4 Nf6 2. c4 g6 3. Nc3 d5 4. cxd5 Nxd5 5. Bd2 Bg7 6. e4 Nb6 7. Be3 O-O 8.
Qd2 Nc6 9. O-O-O e5 10. d5 Nd4 11. f4 c5 12. fxe5 Bg4 13. Re1 Bxe5 14. h3 Qh4
15. Bd3 f5 16. Bg5 Qh5 17. exf5 Bg3 18. hxg4 Qxh1 19. Rf1 Rae8 20. Ne4 Nc4 21.
Bxc4 Rxe4 22. d6+ Kh8 23. d7 Bc7 24. Nf3 Nb3+ 25. axb3 Rxc4+ 26. bxc4 Qxf1+ 27.
Qd1 Qxc4+ 28. Kb1 gxf5 29. gxf5 Qe4+ 30. Ka1 Bd8 31. Qd6 Qa4+ 32. Kb1 Qe4+ 33.
Ka1 Qxf5 34. Bxd8 Rxd8 35. Ne5 Rxd7 36. Nxd7 Qf1+ 37. Ka2 Qc4+ 38. Ka3 Qb4+ 39.
Ka2 Qa4+ 40. Kb1 Qe4+ 41. Kc1 Qc4+ 42. Kd2 Qb4+ 43. Ke3 Qe1+ 44. Kf3 Qf1+ 45.
Kg3 Qe1+ 46. Kg4 Qe2+ 47. Kh3 Qh5+ 48. Kg3 Qg5+ 49. Kf2 Qh4+ 50. g3 Qh2+ 51.
Kf3 Qh1+ 52. Kg4 Qe4+ 53. Kg5 Qe3+ 54. Kf5 Qf3+ 55. Ke6 Qb3+ 56. Ke7 Qxb2 57.
Ne5 Qf2 58. Nf7+ Kg7 59. Qh6+ 1-0

[Event "1. liga V 18/19, Hostalkova-Orlova"]
[Site ""]
[Date "2019.03.03"]
[Round "9.2"]
[White "Nedela, Vlastimil"]
[Black "Motuz, Karol"]
[Result "1/2-1/2"]
[WhiteElo "2323"]
[BlackElo "2368"]
[PlyCount "0"]
[WhiteTeam "SK Slavia Orlova"]
[BlackTeam "Sachy Hostalkova"]
[EventDate "2018.10.21"]

1. e4 e5 2. Nf3 Nc6 3. Bb5 a6 4. Bc4 Nf6 5. Qe2 b5 6. Bb3 Bc5 7. a4 Rb8 8. axb5
axb5 9. Nc3 O-O 10. O-O d6 11. Nd5 Nxd5 12. Bxd5 Ne7 13. Bb3 Ng6 14. d3 h6 15.
Be3 Qf6 16. Qd2 Bg4 17. Ne1 Nf4 18. Bxf4 exf4 19. c3 b4 20. Bc2 bxc3 21. bxc3
f3 22. Nxf3 1/2-1/2

[Event "1. liga V 18/19, Hostalkova-Orlova"]
[Site ""]
[Date "2019.03.03"]
[Round "9.3"]
[White "Pala, Vladimir"]
[Black "Olsarova, Karolina"]
[Result "1/2-1/2"]
[WhiteElo "2231"]
[BlackElo "2268"]
[PlyCount "0"]
[WhiteTeam "Sachy Hostalkova"]
[BlackTeam "SK Slavia Orlova"]
[EventDate "2018.10.21"]

1. Nf3 Nf6 2. g3 d5 3. Bg2 Bg4 4. c4 c6 5. cxd5 Bxf3 6. Bxf3 cxd5 7. d4 e6 8.
O-O Nc6 9. Nc3 Be7 10. e3 O-O 11. b3 a6 12. Bb2 b5 13. Qe2 Qb6 14. Rfc1 Rfc8
15. Bg2 Rc7 16. Bf1 Qb7 17. Qd1 Rac8 18. Bg2 Qb6 19. Bf1 Na5 20. Bg2 h6 21. Ne2
Nc6 22. Nc3 Qb8 23. Bf1 Bd6 24. Bg2 Ne7 25. Ne2 Nc6 26. Nc3 Qb6 27. Qe2 Bb4 28.
Qd3 Bxc3 29. Qxc3 Ne7 30. Qd2 1/2-1/2

[Event "1. liga V 18/19, Hostalkova-Orlova"]
[Site ""]
[Date "2019.03.03"]
[Round "9.4"]
[White "Zabystrzan, Pavel"]
[Black "Kula, Dominik"]
[Result "1-0"]
[WhiteElo "2238"]
[BlackElo "2234"]
[PlyCount "0"]
[WhiteTeam "SK Slavia Orlova"]
[BlackTeam "Sachy Hostalkova"]
[EventDate "2018.10.21"]

1. Nf3 f5 2. d4 Nf6 3. g3 g6 4. Bg2 Bg7 5. c4 d6 6. Nc3 O-O 7. O-O Qe8 8. d5
Na6 9. Rb1 Nc5 10. Nd4 a5 11. b3 Bd7 12. a3 Nfe4 13. Nxe4 Nxe4 14. Bb2 c5 15.
dxc6 bxc6 16. b4 axb4 17. axb4 Qf7 18. Qd3 Ra4 19. Nc2 Bxb2 20. Rxb2 c5 21. f3
Nf6 22. bxc5 dxc5 23. Ne3 Be6 24. Re1 f4 25. gxf4 Nh5 26. Nd5 Nxf4 27. Qb3 Rfa8
28. Nxf4 Qxf4 29. e3 Qf6 30. f4 R8a7 31. Qb8+ Kg7 32. Bd5 Ra1 33. Rxa1 Rxa1+
34. Rb1 Ra2 35. Qb3 Re2 36. Qd3 Bg4 37. Bg2 Qh4 38. Rf1 Kh6 39. e4 Ra2 40. Qe3
Re2 41. Qd3 Qf6 42. Qg3 Bh5 43. e5 Qf7 44. Qg5+ Kg7 45. Rb1 Qe6 46. Rb7 Re1+
47. Kf2 Re2+ 48. Kf1 Kf8 49. Rb8+ Kg7 50. Rb7 1-0

[Event "1. liga V 18/19, Hostalkova-Orlova"]
[Site ""]
[Date "2019.03.03"]
[Round "9.5"]
[White "Karlik, Ondrej"]
[Black "Lojek, Marek"]
[Result "1-0"]
[WhiteElo "2179"]
[BlackElo "2196"]
[PlyCount "0"]
[WhiteTeam "Sachy Hostalkova"]
[BlackTeam "SK Slavia Orlova"]
[EventDate "2018.10.21"]

1. d4 Nf6 2. Nf3 c5 3. c3 d5 4. Bf4 Nc6 5. e3 h6 6. h3 Bf5 7. Bd3 Bxd3 8. Qxd3
c4 9. Qc2 b5 10. O-O e6 11. Nbd2 Be7 12. e4 O-O 13. Rfe1 Nd7 14. Re3 Nb6 15. e5
Re8 16. Nh2 Bf8 17. Rg3 Kh8 18. Ndf3 Ne7 19. h4 Ng6 20. Bg5 Be7 21. h5 hxg5 22.
hxg6 f5 23. exf6 gxf6 24. Qe2 Bd6 25. Nxg5 1-0

[Event "1. liga V 18/19, Hostalkova-Orlova"]
[Site ""]
[Date "2019.03.03"]
[Round "9.6"]
[White "Kubos, Rostislav"]
[Black "Krejca, Jakub"]
[Result "1/2-1/2"]
[WhiteElo "2158"]
[BlackElo "2144"]
[PlyCount "0"]
[WhiteTeam "SK Slavia Orlova"]
[BlackTeam "Sachy Hostalkova"]
[EventDate "2018.10.21"]

1. Nf3 d5 2. g3 Nf6 3. Bg2 e6 4. O-O Be7 5. d4 O-O 6. c4 dxc4 7. Ne5 c5 8. dxc5
Qc7 9. Nxc4 Bxc5 10. Qb3 Nc6 11. Be3 Bxe3 12. Qxe3 Nd5 13. Qd2 Rd8 14. Nba3 a6
15. Rfc1 Qe7 16. Bxd5 exd5 17. Nb6 Rb8 18. Nxc8 Rbxc8 19. Nc2 Qe4 20. e3 Ne5
21. Nd4 Rc4 22. Rc3 h5 23. Rf1 Re8 24. f3 Qg6 25. Ne2 Qc6 26. b3 Rxc3 27. Qxc3
Ng6 28. Qxc6 bxc6 29. Kf2 c5 30. Rd1 Rd8 31. Nc3 d4 32. exd4 cxd4 33. Ne2 d3
34. f4 Ne7 35. Rd2 Nc6 36. Nc1 Nb4 37. a3 Nc2 38. Rxd3 Rc8 39. Ne2 Nxa3 40. Rd5
Nb5 41. Rxh5 Rc2 42. Re5 Rb2 43. Re3 Nd4 44. Re4 Nxb3 45. Rb4 a5 46. Rb8+ Kh7
47. Ke3 a4 48. Ra8 Nc5 49. Nc3 Rb4 50. Rc8 Ne6 51. Ra8 Nc5 52. Rc8 Ne6 1/2-1/2

[Event "1. liga V 18/19, Hostalkova-Orlova"]
[Site ""]
[Date "2019.03.03"]
[Round "9.7"]
[White "Mitura, Karel"]
[Black "Kostka, Vit"]
[Result "1/2-1/2"]
[WhiteElo "2157"]
[BlackElo "2143"]
[PlyCount "0"]
[WhiteTeam "Sachy Hostalkova"]
[BlackTeam "SK Slavia Orlova"]
[EventDate "2018.10.21"]

1. e4 c5 2. Nc3 a6 3. f4 b5 4. Nf3 Bb7 5. d3 e6 6. g3 d5 7. exd5 exd5 8. Bg2
Nf6 9. O-O Be7 10. d4 O-O 11. Kh1 Ne4 12. Ne2 Nc6 13. Be3 Bf6 14. g4 Re8 15. g5
Bxd4 16. Bxd4 cxd4 17. Nexd4 Qd6 18. Nxc6 Qxc6 19. Nd4 Qb6 20. Qd3 Rac8 21.
Rad1 Rc4 22. Rf3 Qc5 23. a3 a5 24. h3 b4 25. a4 Qb6 26. Kh2 Qc7 27. h4 Qd6 28.
Nf5 Qb6 29. Ne3 Rcc8 30. Qd4 Qxd4 31. Rxd4 Rc5 32. Bf1 g6 33. Bd3 Bc6 34. f5
1/2-1/2